| 000 | 00510nam a2200181 4500 | ||
|---|---|---|---|
| 001 | 114228 | ||
| 003 | ES-MaACL | ||
| 005 | 20231226202704.0 | ||
| 007 | t| | ||
| 008 | 061121s1951 ag r ||||1| spa d | ||
| 100 | 1 |
_aPalacio Valdés, Armando, _d1853-1938 _988382 |
|
| 245 | 1 | 3 |
_aLa aldea perdida / _cArmanso Palacio Valdés. |
| 250 | _a3ª ed. | ||
| 260 |
_aBuenos Aires [etc.] : _bEspasa Calpe, _c1951. |
||
| 300 |
_a258 p. ; _c18 cm. |
||
| 852 |
_aES-MaACL _jA-8141 _bR.97370 |
||
| 999 |
_c114228 _d114228 |
||